| 000 | 01674 am a2200421 a 4500 | ||
|---|---|---|---|
| 005 | 20240214125346.0 | ||
| 008 | 100302s2000 ag a f |||| 001 0 spa d | ||
| 020 | _a9500620367 | ||
| 041 | _aspa | ||
| 092 |
_c575.1 _l80 _sSOL |
||
| 100 | 1 |
_aSolari, Alberto Juan _918 |
|
| 245 |
_aGenética Humana. _bFundamentos y aplicaciones en medicina / _cAlberto Juan Solari |
||
| 250 | _a2a ed. 1a reimp. | ||
| 260 |
_aBuenos Aires: _bEditorial Médica Panamericana; _c2000. |
||
| 300 |
_a370 p. _bil. |
||
| 500 | _aSolari, A. J. (2000). Genética humana. Fundamentos y aplicaciones en medicina. (2a ed.). Buenos Aires : Editorial Médica Panamericana. | ||
| 653 | _aFenómenos básicos y técnicas en genética molecular | ||
| 653 | _aMaterial genético: ADN y cromosomas | ||
| 653 | _aInformación genética | ||
| 653 | _aMutación | ||
| 653 | _aPatrones de herencia humana | ||
| 653 | _aDeterminación sexual y cromosomas sexuales | ||
| 653 | _aLigamiento. Genes ligados al sexo y fenómenos de compensación de dosis | ||
| 653 | _aMeiosis, recombinación y disyunción. Genética e infertilidad | ||
| 653 | _aEnfermedades de herencia multifactorial y otros tipos de herencia | ||
| 653 | _aGenética bioquímica. errores congénitos del metabolismo | ||
| 653 | _aAnomalías genéticas de proteínas estructurantes | ||
| 653 | _aGenética del desarrollo normal y del desarrollo de tumores | ||
| 653 | _aCariotipo humano y cromosomopatías | ||
| 653 | _aGenética de los tejidos | ||
| 653 | _aGenética de algunos procesos fisiológicos | ||
| 930 | _a492 | ||
| 930 | _a782 | ||
| 930 | _a783 | ||
| 930 | _a1041 | ||
| 930 | _a1042 | ||
| 942 |
_2ddc _cBK |
||
| 999 |
_c21 _d21 |
||